000 00646nam a22001937a 4500
005 20180523151236.0
010 _aB-693960
020 _a9788126567058
_c849.00 (RP)
035 _aB-693960
037 _adpl
_bR.K.Books (RP)
082 _a650.076
245 _a GMAT official guide quantitative review 2018 /
260 _aNew Delhi
_bWiley
_c2016
270 _a4435-36/7, Ansari Road, Daryaganj
_bNew Delhi
_e110002
300 _av.p.
_c27cm(pbk)
500 _aFrom the graduate management admission council
942 _2ddc
_cEN
_h650.076
_mGMA
999 _c152231
_d152231